=LDR 00000nam 2200000 4500 =001 INLIS000000000021688 =005 20130612120525 =008 ***********************************Ind** =035 ##$$0010-061300000021688 =041 ##$$a Ind =082 ##$$a 658.15 =090 ##$$a 658.15, Wes-m =100 ##$$a WESTON,J.Fred =245 ##$$a Manajemen keuangan, J.Fred Weston =260 ##$$a 1995 $b Jakarta =300 ##$$a xiii, 665 hlm, ilus, 23 cm =650 ##$$a manajemen =850 ##$$a NBPNMAT =990 ##$$a 0001/BPAP-NTB/2016